Signo de contradicción (Record no. 85758)

MARC details
000 -LEADER
campo de control de longitud fija 00751nam a2200205 i 4500
001 - NÚMERO DE CONTROL
campo de control 85758
003 - IDENTIFICADOR DE NÚMERO DE CONTROL
campo de control ES-MaACL
005 - FECHA Y HORA DE LA ÚLTIMA TRANSACCIÓN
campo de control 20250808062724.0
007 - CAMPO FIJO DE DESCRIPCIÓN FÍSICA--INFORMACIÓN GENERAL
campo de control de longitud fija t|
008 - DATOS DE LONGITUD FIJA--INFORMACIÓN GENERAL
campo de control de longitud fija 041201s1979 sp ||||1| spa d
100 0# - ENTRADA PRINCIPAL--NOMBRE DE PERSONA
Nombre de persona Juan Pablo
Numeración II
Títulos y otros términos asociados al nombre Papa, Santo.
9 (RLIN) 162513
245 10 - MENCIÓN DEL TÍTULO
Título Signo de contradicción
Resto del título : meditaciones /
Mención de responsabilidad, etc. Juan Pablo II, Papa ; [traducción: Vicente Manuel Fernández Hernández].
260 ## - PUBLICACIÓN, DISTRIBUCIÓN, ETC.
Lugar de publicación, distribución, etc. Madrid :
Nombre del editor, distribuidor, etc. [Edica,
Fecha de publicación, distribución, etc. 1979] (
Lugar de fabricación/manufactura Hospitalet de Llobregat :
Fabricante Ramón Sopena)
300 ## - DESCRIPCIÓN FÍSICA
Extensión XVIII, 264 p. ;
Dimensiones 18 cm.
490 1# - MENCIÓN DE SERIE
Mención de serie Biblioteca de autores cristianos
700 1# - ENTRADA AGREGADA--NOMBRE PERSONAL
Nombre de persona Fernández Hernández, Vicente Manuel.
9 (RLIN) 49846
830 00 - PUNTO DE ACCESO ADICIONAL DE SERIE-TÍTULO UNIFORME
Título uniforme Biblioteca de autores cristianos
9 (RLIN) 178679
852 ## - LOCALIZACIÓN
Ubicación ES-MaACL
Número de control de estantería A-9678
Sublocalización o colección R.98869
Holdings
Estatus retirado Estado de pérdida Estado de daño No para préstamo Biblioteca de origen Biblioteca actual Ubicación en estantería Fecha de adquisición Fuente de adquisición Total de préstamos Signatura topográfica completa Código de barras Visto por última vez Precio de reemplazo Tipo de ítem Koha
        Biblioteca del Ateneo de Madrid Biblioteca del Ateneo de Madrid Depósito 1 17/01/2008     A-9678 1089609 23/02/2023 23/02/2023 Libro impreso